| 000 | 00763nam a2200217 4500 | ||
|---|---|---|---|
| 001 | 116812 | ||
| 003 | ES-MaACL | ||
| 005 | 20230906190755.0 | ||
| 007 | t| | ||
| 008 | 070301m19071913fr r ||||1| fre d | ||
| 080 | _a270"14..." | ||
| 100 | 1 |
_aPastor, Ludwig. _989483 |
|
| 245 | 1 | 0 |
_aHistoire des Pares depuis la fin du Moyen Age _b: ouvrage écrit d'aprés un grand nombre de documents inédits du Vatican et autres / _cpar Louis Pastor ; traduit de l'allemand par Furcy Raynaud. |
| 250 | _a2è éd. | ||
| 260 |
_aParis : _bLibrairie Plon, _c1907-1913. |
||
| 300 |
_a10 t. ; _c22 cm. |
||
| 500 | _aLos tomos VII-X, traducidos por Alfred Poizat. | ||
| 700 | 1 |
_aRaynaud, Furcy. _995644 |
|
| 700 | 1 |
_aPoizat, Alfred. _992778 |
|
| 852 |
_aES-MaACL _jF-7332-41 |
||
| 999 |
_c116812 _d116812 |
||